Operations research and environmental management
Αποθηκεύτηκε σε:
| Άλλοι συγγραφείς: | , |
|---|---|
| Μορφή: | Βιβλίο |
| Γλώσσα: | English |
| Δημοσίευση: |
Dordrecht, The Netherlands :
Kluwer Academic,
c1996.
|
| Σειρά: | Fondazione Eri Enrico Mattei (FEEM) series on economics, energy, and environment
|
| Θέματα: | |
| Ετικέτες: |
Προσθήκη ετικέτας
Δεν υπάρχουν, Καταχωρήστε ετικέτα πρώτοι!
|
MARC
| LEADER | 00000cam a2200000 i 4500 | ||
|---|---|---|---|
| 001 | 1/50713 | ||
| 008 | 980803s1996 ne ||| | eng|| | ||
| 020 | |a 0792337670 | ||
| 035 | |l 10043949 | ||
| 040 | |a GR-MyUA |b gre |e AACR2 | ||
| 041 | 0 | |a eng | |
| 082 | 0 | |a 333.79 | |
| 245 | 1 | 0 | |a Operations research and environmental management / |c edited by Carlo Carraro, Alain Haurie. |
| 260 | |a Dordrecht, The Netherlands : |b Kluwer Academic, |c c1996. | ||
| 300 | |a xiv, 267 σ. : |b εικ., χάρτες ; |c 25 εκ. | ||
| 490 | 1 | |a (Fondazione Eni Enrico Mattei (FEEM) series on economics, energy, and environment) | |
| 500 | |a Papers presented at the International Workshop on Operations Research and Environmental Management, held in Geneva, on November 10-12l, 1993 | ||
| 650 | 0 | 0 | |a Operations research |x Congresses. |
| 650 | 0 | 0 | |a Energy policy |x Mathematical models |x Congresses. |
| 650 | 0 | 0 | |a Regional planning |x Mathematical models |x Congresses. |
| 700 | 1 | |a Carraro, Carlo, |e edt | |
| 700 | 1 | |a Haurie, A. |q (Alain), |d 1940- |e edt | |
| 830 | 0 | |a Fondazione Eri Enrico Mattei (FEEM) series on economics, energy, and environment | |
| 852 | |a INST |b SAMOS |e 19980803 |h 333.79 OPE |p 005300011275 |q 005300011275 |t BK |y 0 | ||
| 852 | |a INST |b SAMOS |e 19980803 |h 333.79 OPE |p 005300011276 |q 005300011276 |t BK |y 0 | ||
| 901 | |a BIBL-1998-2 | ||
| 909 | |a Σ |b 056883 | ||
| 909 | |a Σ |b 056884 | ||
| 922 | |a 3ΕΛΗ |b 199805 |c ΚΠΣ |d ΠΑΠΑΣΩΤΗΡΙΟΥ | ||